South American Countries That Border… - Statistics

General Stats
  • This quiz has been taken 9 times
  • The average score is 41 of 45
Answer Stats
Question Tile Select % Correct
Suriname Argentina No
100%
Chile Argentina Yes
100%
Ecuador Argentina No
100%
Suriname Bolivia No
100%
Guyana Bolivia No
100%
Suriname Brazil Yes
100%
Guyana Brazil Yes
100%
Suriname Colombia No
100%
Chile Colombia No
100%
Guyana Colombia No
100%
Suriname Ecuador No
100%
Chile Ecuador No
100%
Guyana Ecuador No
100%
Chile France (French Guiana) No
100%
Guyana France (French Guiana) No
100%
Suriname Guyana Yes
100%
Ecuador Guyana No
100%
Suriname Paraguay No
100%
Chile Paraguay No
100%
Ecuador Paraguay No
100%
Guyana Paraguay No
100%
Chile Peru Yes
100%
Ecuador Peru Yes
100%
Chile Suriname No
100%
Chile Uruguay No
100%
Ecuador Uruguay No
100%
Guyana Uruguay No
100%
Ecuador Venezuela No
100%
Ecuador Bolivia No
89%
Ecuador Chile No
89%
Ecuador Colombia Yes
89%
Suriname France (French Guiana) Yes
89%
Bolivia Guyana No
89%
Bolivia Peru Yes
89%
Guyana Suriname Yes
89%
Bolivia Uraguay No
89%
Suriname Venezuela No
89%
Guyana Venezuela Yes
89%
Bolivia Brazil Yes
78%
Bolivia Colombia No
78%
Bolivia Ecuador No
78%
Chile Bolivia Yes
67%
Bolivia Argentina Yes
56%
Bolivia Paraguay Yes
44%
Bolivia Chile Yes
33%
No matching quizzes found
Score Distribution
Percent of People with Each Score
Percentile by Number Answered
Your Score History
You have not taken this quiz